| 000 | 01487cam a22001814a 4500 | ||
|---|---|---|---|
| 005 | 20250605164125.0 | ||
| 008 | 250528s ||||||||||||||||||||||||d | ||
| 035 | _a18434 | ||
| 040 |
_aGR-AtMCL _bgre _dGR-AtMCL _eAACR2 |
||
| 245 | 1 | _aΣτοιχεία Κοινωνιολογικής Θεωρίας των Οργανώσεων / Σημειώσεις | |
| 260 |
_bΠανεπιστήμιο Αθηνών. Τμήμα Οικονομικών Επιστημών, _c1997 |
||
| 300 | _a130 | ||
| 520 | _aΕισαγωγικές Παρατηρήσεις, Κεντρικά Ζητήματα της Κοινωνιολογικής Θεωρίας των Οργανώσεων, Θεωρία των Συστημάτων και Θεωρία των Οργανώσεων, Οργάνωση και Κοινωνική Μεταβολή, Τέσσερεις Θέσεις, Όψεις της Θεσμικής Προσέγγισης, Οργανωσιακή Κουλτούρα και Οργανωσιακό Κλίμα και Συστήματα Ρόλων, Θεωρία της Γραφειοκρατίας και Κλασσική Θεωρία των Οργανώσεων, Οργανωσιακές Δομές, Οι Οργανώσεις ως Επεξεργαστές Πληροφοριών, Βιβλιογραφία Κοινωνιολογικής Θεωρίας των Οργανώσεων. | ||
| 700 | 1 |
_aΚύρτσης Αλέξανδρος - Ανδρέας _94688 |
|
| 942 | _cBK | ||
| 999 |
_c3795 _d3795 |
||